00698pam a2200193 a 4500020002800000082001600028100001700044245007000061250001200131260003700143300003300180526003700213650005400250650000800304700002100312856005400333856005500387856006200442 a0070655294 (alk. paper)00a515.15bTUM1 aTuma, Jan J.10aEngineering mathematics handbook /cJan J. Tuma, Ronald A. Walsh. a4th ed. aNew York :bMcGraw-Hill,cc1998. aix, 566 p. :bill. ;c26 cm. a0b0c0d515_150000000000000_TUM 0aEngineering mathematicsxHandbooks, manuals, etc. 0aMCE1 aWalsh, Ronald A.41uhttp://www.loc.gov/catdir/toc/mh022/97034589.html42uhttp://www.loc.gov/catdir/bios/mh041/97034589.html42uhttp://www.loc.gov/catdir/description/mh023/97034589.html